000 00520nam a2200169Ia 4500
008 150610s9999 xx 000 0 und d
020 _a0 439524539
050 _aPZ7
_b .D413 2004  
100 _aDenenberg, Barry
245 _aAtticus of Rome :
_b30 B.C. /
_cby Barry Denenberg.
260 _aNew York :
_bScholastic,
_c2004.
300 _a166pages ;
_c20 cm.
520 _aFiction.
650 _aRome-History-Augustus, 30B.C.-14 A.D.
_bJuvenile fiction.
650 _aSlavery
_xFiction.
650 _aSpies
_xFiction.
999 _c288052
_d288052